| 000 | 01492cad a22002175a 4500 | ||
|---|---|---|---|
| 001 | L125592 | ||
| 008 | 040325s2003 xxk l f000 0 eng u | ||
| 020 | _a0110482409 | ||
| 035 | _a(Sirsi) u125592 | ||
| 041 | _aeng | ||
| 245 | 0 | 0 |
_aRegulatory Reform (Business Tenancies) (England and Wales) Order 2003 _h[electronic resource] |
| 260 |
_aLondon _bHMSO _c2003 |
||
| 490 |
_aSI _v2003: 3096 |
||
| 520 | _aComes into force 1 June 2004. Amends the Landlord and Tenant Act 1954 Part II. Includes changes to renewal and termination procedures, sets new time limits for court applications, widens the circumstances in which landlord and tenant can operate the statutory procedures of Part II, extends the scope of interim rent procedures, amends compensation provisions, changes procedures for contracting out and agreements to surrender, increases the categories of information which a landlord and tenants must provide to each other towards the end of a tenancy term and outlines what must be included in tenants' notices of termination. Full details of changes are outlined in Explanatory Note. View at www.hmso.gov.uk. | ||
| 650 | _aBUSINESS TENANCIES | ||
| 650 | _aLANDLORD AND TENANT ACT 1954 PART II | ||
| 650 | _aREGULATORY REFORM (BUSINESS TENANCIES) (ENGLAND AND WALES) ORDER 2003 | ||
| 690 | _aLANDLORD AND TENANT-BUSINESS TENANCIES | ||
| 856 |
_uhttps://www.legislation.gov.uk/uksi/2003/3096/contents/made _zView the SI free of charge at www.legislation.gov.uk |
||
| 942 | _n0 | ||
| 999 |
_c103439 _d103439 |
||